00728nam a2200205 a 450000100100000000500170001000800410002704000250006804100080009308200120010110000290011324500680014226000380021030000340024854600140028260000590029691000380035595201120039399900170050500002518820240409073640.0110211t1957 dr ac r 000 0dfre d aDO-SdBNPbspacBNPHU07afre aF-RD 231 aJesús, Pío de95166910aTrujillo et L' alcazar de Don Diego Colomb /cPío de Jesús. aCiudad Trujillo :bStella,c1957. a28 p. :bil., retr. ;c24 cm. aFrancés10aTrujillo Molina, Rafael Leónidas,d 1891-1961976764 aValidado. Control de calidad. EMS 001050718RVaPDbPDcHDd2011-02-11iLF1l0oF-RD 23 p25188-10r2020-06-25w2020-06-25y1ZNo se presta c24681d24681